1711 1093 1914 1381 1166 1184 1454 1368 1678 1464 1850 1255 1061 1100 1862 1632 1890 1398 1464 1800 1485 1714 1920 1885 1717 1534 1499 1327 1442 1572 1131 1875 1930 1824 1053 1024 1608 1476 1820 1125 1709 1104 1448 1769 1859 1193 1544 1010 1342 1867 1458 1933 1629 1594 1770 1987 1379 1686 1522 1717 1795 1370 1979 1812 1215 1715 1569 1739 1056 1647 1051 1304 1723 1257 1445 1625 1884 1577 1376 1182 1066 1263 1544 1834 1334 1426 1112 1817 1721 1080 1046 1405 1701 1793 1371 1668 1872 1073 1934 BCNSPRNW ULIB Ver.6.0+V

เปลี่ยนเป็นภาษาไทย

Change to English
 แสดงรายละเอียดบรรณานุกรม
  กลับหน้าหลัก

Brief Record : Get Marc (ISO 2709) : E-mail record : QR code < ปิดหน้าต่าง
LEADER : 00000nam 2200000uu 4500
001    13399112158
003     ULIB
008    110627s1168||||th 000 0 tha d
020    9786165200318
090    นว.^bต389ก มปป.
100 0  ติญญา
245 00 กำแพงแห่งใจ/^cติญญา
250    พิมพ์ครั้งที่ 1
260    กรุงเทพฯ :^b1168 พับลิชชิ่ง,^cมปป.
300    287 หน้า
710 1  1168 พับลิชชิ่ง
945    ^p189^l0^i028089
995    ทศพร
999 ^a ใช้งานได้ทุกระบบ
รายการนี้ยังไม่มีแท็ก
คุณยังไม่ได้ล็อกอิน คุณสามารถมีกิจกรรมร่วมกับเว็บไซต์ได้ แต่ต้องล็อกอินก่อน ::
  ล็อกอิน

รายการสื่อสารสนเทศ

ลำดับที่ ประเภท เลขเรียก/บาร์โค้ด สถานที่ สถานะ
- ไม่พบข้อมูล -

BibComment


ยังไม่เคยถูกคอมเมนท์

คอมเมนท์ทรัพยากรรายการนี้
  คอมเมนท์: กำแพงแห่งใจ ติญญา


 Copyright 2026. Bcnsprnw @Library